LEADER 01388nam a2200313 i 4500 001 000000155655 003 CaOOAMICUS 005 20061116000000.0 008 061116s2006 it u000 u ita u 013 $a133009 020 $a88-86212-51-8 040 $aSeMil$bita 100 1 $aConte, Nunzio .$0(OLS)http://semarc/name/18573 245 10$aAndate, ammaestrate e battezzate tutte le genti :$bcatechesi e liturgia /$cNunzio Conte. 260 $aLeumann (Torino) :$bElledici,$c2006. 260 $aMessina :$bItst,$c2006. 300 $a343 p. ;$c24 cm. 490 0 $aManuali di Panteno. Catechetica ;$v1 500 $aContiene : Bibliografia. 650 4$aCatechesi.$0(OLS)http://semarc/subject/3693 650 4$aCatechesi liturgica.$0(OLS)http://semarc/subject/3547 830 0$aManuali di Panteno. Catechetica ;$v1.$0(OLS)http://semarc/title/22291 850 $aSeMil 852 $aSeMil$W1$xVenegono$y1$m2C IV 488$j107486$B107486$CSeMilBibl$Z2$F117399 $81 961 $aOmaggio per recensione: Scuola Cattolica 996 $6020$a88-86212-51-8$9(OLS)http://semarc/number/145692 996 $6245$aAndate, ammaestrate e battezzate tutte le genti :$bcatechesi e liturgia$9(OLS)http://semarc/title/228000 996 $6260$aMessina :$bItst$9(OLS)http://semarc/publisher/33480 996 $6260$aLeumann (Torino) :$bElledici$9(OLS)http://semarc/publisher/31236 LEADER 01369nam a2200301 i 4500 001 000000104961 003 CaOOAMICUS 005 20260204143553.0 008 020121s1953 be u000 u lat u 013 $a77150 040 $aSeMil$bita 100 0 $aTertullianus, Quintus Septimius Florens,$d.$0(OLS)http://semarc/name/1146 245 10$a1: Opera catholica ; Adversus Marcionem. 264 1$aTurnholti :$bBrepols,$c1953. 300 $aXXV. 75 p., [5] carte di tav. di cui 4 ripieg. :$bill. ;$c26 cm 490 0 $aCorpus Christianorum. Series Latina ;$v1. 730 02$aAd nationes.$0(OLS)http://semarc/title/458011 730 02$aAd martyras.$0(OLS)http://semarc/title/457394 773 0 $aTertullianus, Quintus Septimius Florens $tQuinti Septimi Florentis Tertulliani Opera.$dTurnholti : Brepols, 1954.$g1$w()1298 830 0$aCorpus Christianorum. Series Latina ;$v1.$0(OLS)http://semarc/title/37 850 $aSeMil 852 $aSeMil$W1$xVenegono$y1$mSL2.J CC.SL 1$j266984$B61257$CSeMilBibl$Z2$F70534 $8I 900 0 $aTertulliano,$d. 961 $aSottoscrizione: Brepols 996 $6245$a1: Opera catholica ; Adversus Marcionem$9(OLS)http://semarc/title/152046 996 $6264$aTurnholti :$bBrepols$9(OLS)http://semarc/publisher/29625